000 00599nam a22001457a 4500
020 _a978-1-4052-3336-1
082 _a823
_bMOR/M
100 _aMORPURGO, MICHAEL
245 _aTHE WRECK OF THE ZANZIBAR
260 _aLONDON
_bEGMONT BOOKS LTD
_c2007
300 _a100
520 _aLife on the Scilly Isles in 1907 is bleak and full of hardship. Laura's twin brother, Billy, disappears and then a storm devastates everything. It seems there is little hope…that is until the sailing ship the Zanzibar is wrecked on the island's rocks and everything changes…
650 _aSHORT STORY
942 _cBK
999 _c6412
_d6412